Public health reviews
| Autores Corporativos: | , |
|---|---|
| Formato: | Electrónico Revista |
| Lenguaje: | inglés |
| Publicado: |
[Rennes, France] :
Tel Aviv, Israel : Technosdar
Basel : Presses de l'EHESP BioMed Central/Springer |
| Materias: | |
| Acceso en línea: | Full text available from Research Library: 01/01/2010 to present |
MARC
| LEADER | 00000nas a2200000 a 4500 | ||
|---|---|---|---|
| 001 | ssj0000392950 | ||
| 003 | WaSeSS | ||
| 005 | 20200512172242.0 | ||
| 006 | m d | ||
| 007 | cr n | ||
| 008 | 100507c19729999sz ar p s o 0 0eng c | ||
| 010 | |a 2011264084 | ||
| 015 | |a GBB5F3310 |2 bnb | ||
| 016 | 7 | |a 017458681 |2 Uk | |
| 022 | |a 2107-6952 |l 0301-0422 |y 0301-0422 | ||
| 035 | |a (WaSeSS)ssj0000392950 | ||
| 040 | |a OCLCE |b eng |c OCLCE |d UPM |d CUS |d OCLCQ |d OCLCF |d OCLCA |d OCLCO |d VT2 |d OCLCQ |d OCLCO |d OCLCQ |d OCLCO |d CUS |d NLE |d AU@ |d OCLCO |d UKMGB |d OCLCA |d DLC |d U3W |d OCLCA |d WaSeSS | ||
| 042 | |a dlr |a pcc | ||
| 050 | 0 | 0 | |a RA421 |
| 060 | 4 | |a W1 |b PU547 | |
| 082 | 0 | 4 | |a 614.05 |b P976 |
| 245 | 0 | 0 | |a Public health reviews |h [electronic resource]. |
| 260 | |3 1972-2003 : |b Tel Aviv, Israel : |b Technosdar | ||
| 260 | 3 | |3 2010- : |a [Rennes, France] : |b Presses de l'EHESP | |
| 260 | |3 <2010-> |a Basel : |b BioMed Central/Springer | ||
| 310 | |a Annual, |b <2015-> | ||
| 321 | |a Semiannual, |b 2010- | ||
| 321 | |a Quarterly, |b 1972-2003 | ||
| 362 | 1 | |a Print began with vol. 1 (1972). | |
| 500 | |a Official publication of the Association of Schools of Public Health in the European Region (ASPHER) | ||
| 506 | |a License restrictions may limit access. | ||
| 515 | |a None published between 2003-2010. | ||
| 538 | |a Mode of access: World Wide Web. | ||
| 538 | |a Master and use copy. Digital master created according to Benchmark for Faithful Digital Reproductions of Monographs and Serials, Version 1. Digital Library Federation, December 2002. |u http://purl.oclc.org/DLF/benchrepro0212 |5 MiAaHDL | ||
| 550 | |a Resumed publication in print and electronic formats in 2010 under the auspices of the Ecole des hautes études en santé publique in Rennes, France. | ||
| 583 | 1 | |a digitized |c 2010 |h HathiTrust Digital Library |l committed to preserve |2 pda |5 MiAaHDL | |
| 588 | |a Description based on print version record. | ||
| 588 | |a Latest issue consulted: Volume 38, issue 1 (Dec. 2018) (Springer Link, viewed Feb. 1, 2019). | ||
| 650 | 0 | |a Public health |v Periodicals. | |
| 650 | 7 | |a Public health. |2 fast |0 (OCoLC)fst01082238 | |
| 650 | 2 | |a Public Health. | |
| 650 | 2 | |a Public Health |v Periodicals. | |
| 655 | 0 | |a Electronic journals. | |
| 710 | 2 | |a École des hautes études en santé publique (France) | |
| 710 | 2 | |a Association of Schools of Public Health in the European Region. | |
| 776 | 0 | 8 | |i Print version: |t Public health reviews |x 0301-0422 |w (DLC)sc 83008053 |w (OCoLC)2715873 |
| 850 | |a DLC | ||
| 856 | 4 | 0 | |z Full text available from Research Library: 01/01/2010 to present |u https://search.proquest.com/publication/406344 |